| 000 | 00457nam a2200169 a 4500 | ||
|---|---|---|---|
| 001 | 15327 | ||
| 005 | 20180713203958.0 | ||
| 008 | 140415s1970 000 0 spa d | ||
| 041 | _aspa | ||
| 082 |
_a320.5322 _bLEN |
||
| 100 | 1 | _aLENIN, V. I. | |
| 245 | 1 | 3 | _aEL ESTADO Y LA REVOLUCION |
| 250 | _a2a ed. | ||
| 260 |
_a[s.l.] : _bEDITORIAL DE CIENCIAS SOCIALES, _c1970 |
||
| 300 | _a142 | ||
| 650 | 1 | 4 |
_aESTADO _xFORMAS DE GOBIERNO _xMARXISMO |
| 999 |
_c15327 _d15327 |
||